00282nam a2200133Ia 4500003000400000005001700004008004100021020001800062040000900080100001500089245002000104260001500124260000900139OSt20231109073452.0170524s9999 xx 000 0 und d a1-84215-088-X cIIMT aMan- Kathy 0aLow fat chinese bSouthwater c1998